| Поле | Инд. | ПП | Название | Значение |
|---|---|---|---|---|
| Тип записи | a | |||
| Библиографический уровень | a | |||
| 001 | Контрольный номер | RU/IS/BASE/262109771 | ||
| 005 | Дата корректировки | 20231226113626.4 | ||
| 084 | a | Индекс другой классификации/Индекс ББК | 81.031 | |
| 090 | 00 | a | Полочн. индекс | 81я43 |
| x | Авторский знак | П 781 | ||
| 100 | 10 | a | Автор | Бережан С. Г. |
| 245 | 00 | a | Заглавие | Теория семантических полей и синонимия |
| 650 | 04 | a | Основная рубрика | филологические науки; языкознание |
| 653 | 00 | a | Ключевые слова | концептуальное поле Духачека |
| a | Ключевые слова | критерии синонимичности | ||
| a | Ключевые слова | лексико-семантические варианты | ||
| a | Ключевые слова | лексикология | ||
| a | Ключевые слова | общее | ||
| a | Ключевые слова | омонимия | ||
| a | Ключевые слова | семантика | ||
| a | Ключевые слова | семантические поля | ||
| a | Ключевые слова | семасиология | ||
| a | Ключевые слова | синонимия | ||
| a | Ключевые слова | теория семантических полей | ||
| 773 | 00 | d | Дата издания источника | Москва, 1967 |
| g | Прочая информация | С. 165-167 | ||
| t | Заглавие источника | Проблемы языкознания | ||
| w | Контрольный № источника | RU/IS/BASE/102085341 | ||
| 901 | t | Тип документа | a |